[Event "Eastpointe (MCO/6/6)"]
[Site "?"]
[Date "1995.??.??"]
[Round "?"]
[White "Zaremba, Andrei"]
[Black "Brooks, John"]
[Result "0-1"]
[WhiteElo "2025"]
[BlackElo "2200"]
[PlyCount "42"]
[EventDate "1995.??.??"]

{6/(6)} 1. e4 c6 2. d4 d5 3. exd5 cxd5 4. Bd3 Nc6 5. c3 Nf6 6. Bf4 g6 7. h3 Bg7
8. Nf3 h6 9. O-O g5 10. Bh2 g4 11. hxg4 Bxg4 12. Nbd2 Nh5 13. Qc2 e6 14. Ne5
Bxe5 15. dxe5 Rg8 16. Kh1 Qh4 17. Rae1 Nf4 18. f3 Nxg2 19. Kxg2 Bh3+ 20. Kh1
Bg2+ 21. Kg1 Bxf3+ 0-1

[Event "Troy (TCC/3/5)"]
[Site "?"]
[Date "1995.??.??"]
[Round "?"]
[White "Zaremba, Andrei"]
[Black "Benovsky, P."]
[Result "1-0"]
[WhiteElo "1990"]
[BlackElo "2025"]
[PlyCount "79"]
[EventDate "1995.??.??"]

{3/(5)} 1. d4 Nf6 2. c4 d6 3. Nc3 g6 4. e4 Bg7 5. f3 O-O 6. Be3 e5 7. d5 Nh5 8.
Bd3 f5 9. Nge2 f4 10. Bf2 Bd7 11. Qc2 Na6 12. a3 c6 13. O-O Nc7 14. b4 g5 15.
c5 cxd5 16. exd5 Nf6 17. cxd6 Nce8 18. Ne4 Nxe4 19. Bxe4 h6 20. Nc3 b6 21. Qb3
Nxd6 22. Rac1 Rc8 23. Bd3 Be8 24. Ne4 Rxc1 25. Rxc1 Bf7 26. Nxd6 Qxd6 27. Be4
Rd8 28. Rd1 Bf8 29. Bb1 Bxd5 30. Qc2 Qe7 31. Rxd5 Rxd5 32. Ba2 Qd6 33. Qc4 Kf7
34. Qxd5+ Qxd5 35. Bxd5+ Ke7 36. Kf1 Kd6 37. Be4 Be7 38. Ke2 Bd8 39. Kd3 Bc7
40. Kc4 1-0

[Event "Troy (TCC/5/1)"]
[Site "?"]
[Date "1995.??.??"]
[Round "?"]
[White "Zaremba, Andrei"]
[Black "Antonio, R."]
[Result "0-1"]
[WhiteElo "1990"]
[BlackElo "2495"]
[PlyCount "48"]
[EventDate "1995.??.??"]

{5/(1)} 1. d4 Nf6 2. c4 e6 3. Nf3 Bb4+ 4. Nc3 b6 5. Bg5 Bb7 6. a3 Bxc3+ 7. bxc3
h6 8. Bh4 d6 9. e3 Nbd7 10. Bd3 g5 11. Bg3 Ne4 12. Qc2 f5 13. O-O Qf6 14. Nd2
Nxd2 15. Qxd2 h5 16. h3 h4 17. Bh2 g4 18. hxg4 h3 19. gxh3 Rxh3 20. f4 Qh4 21.
Rf2 Nf6 22. gxf5 Ng4 23. Rff1 Rg3+ 24. Bxg3 Qh1# 0-1

[Event "East Lansing (MI Op/3/23)"]
[Site "?"]
[Date "1995.??.??"]
[Round "?"]
[White "Zacks, Naum"]
[Black "Williams, Ken"]
[Result "0-1"]
[WhiteElo "1855"]
[BlackElo "1945"]
[PlyCount "60"]
[EventDate "1995.??.??"]

{3/(23)} 1. e4 c5 2. Nf3 Nc6 3. d4 cxd4 4. Nxd4 g6 5. Nc3 Bg7 6. Be3 Nf6 7. Bc4
Qa5 8. Nb3 Qb4 9. Qe2 Nxe4 10. O-O Nxc3 11. bxc3 Qxc3 12. Rad1 O-O 13. Nd4 Nxd4
14. Bxd4 Bxd4 15. Bb3 Bf6 16. Rd3 Qc7 17. Re3 d6 18. Re1 Bd7 19. Qf3 Bc6 20.
Qg4 Qc8 21. Qe2 a6 22. Qd2 Bg5 23. Qd3 Bxe3 24. Rxe3 Qg4 25. Rg3 Qe4 26. Qf1
Rac8 27. h4 Bb5 28. c4 Bxc4 29. Bxc4 Qxc4 30. Qe1 Qc1 0-1

[Event "Lansing (Mini-Swiss.1/2)"]
[Site "?"]
[Date "1995.??.??"]
[Round "?"]
[White "Zacks, Naum"]
[Black "Pope, Nick"]
[Result "0-1"]
[WhiteElo "1855"]
[BlackElo "1795"]
[PlyCount "42"]
[EventDate "1995.??.??"]

{1/(2)} 1. e4 e5 2. d4 exd4 3. Qxd4 Nc6 4. Qe3 d6 5. Nc3 Nf6 6. h3 g6 7. Bb5
Bd7 8. Nf3 Bg7 9. Bd2 O-O 10. O-O-O a6 11. Ba4 b5 12. Bb3 Na5 13. Kb1 Nxb3 14.
cxb3 Re8 15. Ng5 b4 16. Nd5 Nxd5 17. Qd3 Qf6 18. Qc2 h6 19. h4 a5 20. f3 Bb5
21. exd5 Bd3 0-1

[Event "East Lansing (MI Op/5/25)"]
[Site "?"]
[Date "1995.??.??"]
[Round "?"]
[White "Zacks, Naum"]
[Black "Linn, Peter"]
[Result "1/2-1/2"]
[WhiteElo "1855"]
[BlackElo "2130"]
[PlyCount "108"]
[EventDate "1995.??.??"]

{5/(25)} 1. e4 e6 2. d4 d5 3. Nc3 Bb4 4. e5 c5 5. a3 Bxc3+ 6. bxc3 Ne7 7. Qg4
O-O 8. h4 Nd7 9. h5 f5 10. Qg3 Qc7 11. Nh3 Kh8 12. Nf4 cxd4 13. Qxg7+ Kxg7 14.
Nxe6+ Kg8 15. Nxc7 Rb8 16. cxd4 Nb6 17. Nb5 Nc6 18. c3 Be6 19. Bh6 Rf7 20. Nd6
Rd7 21. Rh3 f4 22. Rh4 Nc8 23. Ne8 Rf7 24. Nf6+ Kh8 25. Rxf4 N8e7 26. Bd3 Rc8
27. Kd2 Na5 28. Rb1 b6 29. g4 Nc4+ 30. Bxc4 Rxc4 31. Ne8 Rxf4 32. Bxf4 Bxg4 33.
Nf6 Bf5 34. Rg1 Be6 35. Bh6 Nf5 36. Bg5 h6 37. Bf4 Ra4 38. Ra1 Rc4 39. Ne8 Kh7
40. Nd6 Ra4 41. Nb5 Ng7 42. Be3 Bd7 43. Nd6 Bg4 44. f4 Nf5 45. Rg1 Nxd6 46.
exd6 Bf5 47. Ra1 Rc4 48. a4 a6 49. Ra2 Rc6 50. d7 Bxd7 51. a5 b5 52. Bf2 Rf6
53. Ra1 Bg4 54. Re1 Bxh5 1/2-1/2

[Event "East Lansing (MI Op/2/37)"]
[Site "?"]
[Date "1995.??.??"]
[Round "?"]
[White "Zacks, Naum"]
[Black "Easter, J."]
[Result "1-0"]
[WhiteElo "1855"]
[BlackElo "1700"]
[PlyCount "92"]
[EventDate "1995.??.??"]

{2/(37)} 1. e4 c5 2. Nf3 d6 3. c3 Nf6 4. Bc4 Nbd7 5. d3 g6 6. Qb3 e6 7. O-O a6
8. Ng5 Ne5 9. Bxe6 fxe6 10. d4 c4 11. Qc2 Nd3 12. Nd2 b5 13. b3 d5 14. e5 Ng4
15. Ndf3 h6 16. Nh3 h5 17. Ne1 Nxc1 18. Qxg6+ Kd7 19. Rxc1 Qe8 20. Qc2 Bh6 21.
Rb1 Qf7 22. bxc4 dxc4 23. Nf3 Bb7 24. a4 Bf4 25. Qe2 Rag8 26. axb5 Nxh2 27.
bxa6 Bxf3 28. Rb7+ Bxb7 29. axb7 Nxf1 30. Qxc4 Rb8 31. Qa6 Rhd8 32. Qd6+ Ke8
33. Qc6+ Kf8 34. Nxf4 Qxf4 35. Qxe6 Qf7 36. Qh6+ Kg8 37. Kxf1 Rxb7 38. Qg5+ Kh7
39. Qxd8 Rb1+ 40. Ke2 Rb2+ 41. Kd3 Qf5+ 42. Kc4 Qe6+ 43. Kc5 Rc2 44. Kb4 Rb2+
45. Kc5 Rb3 46. c4 Rc3 {1-0, ??.} 1-0

[Event "East Lansing (MI Op/7/28)"]
[Site "?"]
[Date "1995.??.??"]
[Round "?"]
[White "Zacks, Naum"]
[Black "Arganian, David H"]
[Result "1-0"]
[WhiteElo "1855"]
[BlackElo "1800"]
[PlyCount "69"]
[EventDate "1995.??.??"]

{7/(28)} 1. e4 e5 2. Nf3 d6 3. Bc4 f5 4. d3 Nc6 5. Ng5 Nh6 6. c3 Qf6 7. Qb3 f4
8. Ne6 Bxe6 9. Bxe6 Rb8 10. Nd2 Ke7 11. Bh3 g5 12. Bf5 Nxf5 13. exf5 Qxf5 14.
Ne4 h6 15. Bd2 Qe6 16. c4 Nd4 17. Qa4 Bg7 18. O-O f3 19. Nc3 Qg4 20. Nd5+ Kd8
21. Ne3 Qh5 22. Rfe1 fxg2 23. Qxa7 Kc8 24. Bb4 Nf3+ 25. Kxg2 Nxe1+ 26. Rxe1 Rf8
27. Nd5 Qf3+ 28. Kg1 c5 29. Bxc5 Kd7 30. Qb6 dxc5 31. Qc7+ Ke6 32. Qe7+ Kf5 33.
Qxg7 Kg4 34. Ne3+ Kh3 35. Qxh6+ 1-0

[Event "Troy (TCC Beg/3/6)"]
[Site "?"]
[Date "1995.??.??"]
[Round "?"]
[White "Young, L."]
[Black "Venia, A."]
[Result "1-0"]
[WhiteElo "1605"]
[BlackElo "1605"]
[PlyCount "125"]
[EventDate "1995.??.??"]

{3/(6)} 1. e4 e6 2. d4 d5 3. e5 c5 4. Nf3 Nc6 5. Bb5 Bd7 6. Bg5 Be7 7. Bxe7
Ngxe7 8. c3 c4 9. Nbd2 O-O 10. Ng5 a6 11. Bxc6 Bxc6 12. Qc2 g6 13. O-O Nf5 14.
Ndf3 Re8 15. Qd2 h6 16. Nh3 Kg7 17. Nf4 b5 18. a3 a5 19. Kh1 a4 20. Rg1 Rg8 21.
g3 Rb8 22. h4 g5 23. Nh5+ Kh8 24. hxg5 hxg5 25. Rg2 Rg6 26. Rh2 Rh6 27. Nxg5
Qf8 28. Nxf7+ Qxf7 29. g4 Rg8 30. f3 Rh7 31. Rg1 Ne7 32. Nf6 Rxh2+ 33. Qxh2+
Kg7 34. Qh7+ Kf8 35. Qxf7+ Kxf7 36. Nxg8 Nxg8 37. Kg2 Nh6 38. Rh1 Kg6 39. Kg3
Be8 40. f4 Kg7 41. Rf1 Kg6 42. Kh4 Kg7 43. f5 exf5 44. gxf5 Kf7 45. Kg5 Ng8 46.
e6+ Ke7 47. Rh1 Nf6 48. Rh6 Ng8 49. Rh7+ Kf8 50. f6 Nxf6 51. Kxf6 Kg8 52. Ke7
Kxh7 53. Kxe8 Kg7 54. e7 Kf6 55. Kd7 Kf5 56. e8=Q Kf6 57. Qe5+ Kf7 58. Qf5+ Kg7
59. Ke7 Kg8 60. Qg6+ Kh8 61. Qg5 b4 62. Kf7 b3 63. Qh5# 1-0

[Event "Eastpointe (MCO/4/35)"]
[Site "?"]
[Date "1995.??.??"]
[Round "?"]
[White "Young, L."]
[Black "Lubben, Don"]
[Result "0-1"]
[WhiteElo "1605"]
[BlackElo "1860"]
[PlyCount "102"]
[EventDate "1995.??.??"]

{4/(35)} 1. d4 f5 2. Nf3 Nf6 3. e3 g6 4. c4 Bg7 5. Nc3 d5 6. cxd5 Nxd5 7. Nxd5
Qxd5 8. b3 Nc6 9. Bc4 Qd6 10. O-O Bd7 11. Re1 O-O-O 12. Ng5 Rdf8 13. Nf7 Rxf7
14. Bxf7 e6 15. Bb2 Nd8 16. Bxe6 Nxe6 17. Rc1 Bc6 18. Qd2 Qd5 19. f3 Ng5 20. e4
fxe4 21. Rc5 Qd6 22. Rxg5 Bh6 23. d5 Rd8 24. fxe4 Qe7 25. Qf2 Bxg5 26. dxc6 b6
27. Qe2 Qc5+ 28. Kh1 Qxc6 29. Qg4+ Kb7 30. Qxg5 Qxe4 31. Qc1 Qd3 32. h3 Rd5 33.
Qc4 Qf5 34. Qe4 Qd7 35. Qf3 c6 36. Qe3 Ka6 37. a4 Rd2 38. Re2 Rd3 39. Qe7 Rd1+
40. Kh2 Qd3 41. Re3 Qf1 42. Qb4 Qg1+ 43. Kg3 Qxe3+ 44. Kh4 Qf2+ 45. g3 Qxb2 46.
Qc4+ Kb7 47. Qf7+ Kc8 48. Qe6+ Kc7 49. a5 Qd4+ 50. Kg5 Qd5+ 51. Qxd5 Rxd5+ 0-1

[Event "Eastpointe (MCO/5/33)"]
[Site "?"]
[Date "1995.??.??"]
[Round "?"]
[White "Young, L."]
[Black "Dolin, Jack"]
[Result "0-1"]
[WhiteElo "1605"]
[BlackElo "1605"]
[PlyCount "122"]
[EventDate "1995.??.??"]

{5/(33)} 1. d4 d5 2. Nf3 Nf6 3. e3 b6 4. c3 Bb7 5. Nbd2 e6 6. Bd3 Bd6 7. O-O
O-O 8. Re1 Nbd7 9. e4 dxe4 10. Nxe4 Be7 11. Nfg5 Re8 12. Qf3 h6 13. Nxf6+ Bxf6
14. Ne4 c5 15. Qg3 Bh4 16. Qg4 f5 17. Qg6 fxe4 18. Bc2 Qf6 19. Qxf6 Nxf6 20. g3
Bg5 21. Bxg5 hxg5 22. b3 cxd4 23. cxd4 Rac8 24. Re2 Rc3 25. Rd1 Rec8 26. Rdd2
Ba6 27. Bxe4 Rc1+ 28. Kg2 Nxe4 29. Rxe4 Bb7 30. f3 Bxe4 31. fxe4 Re1 32. e5 g4
33. h3 gxh3+ 34. Kxh3 Rh1+ 35. Kg2 Rcc1 36. Kf3 Rce1 37. d5 exd5 38. Rxd5 Rhf1+
39. Kg4 Kh7 40. Kg5 Re4 41. a4 Rf3 42. a5 Rxg3+ 43. Kf5 Rge3 44. Rd7 Rxe5+ 45.
Kf4 Re7 46. Rd5 Rxb3 47. Rh5+ Kg8 48. Rd5 b5 49. Rd6 Rb7 50. Kf5 Re3 51. Kg6
Re8 52. a6 Rbb8 53. Rd7 Kh8 54. Rxg7 Rg8 55. Rxg8+ Rxg8+ 56. Kf7 b4 57. Ke7 b3
58. Kd7 b2 59. Kc7 Rg6 60. Kb7 b1=Q+ 61. Kxa7 Qb6+ 0-1

[Event "Troy (TCC Beg/1/1)"]
[Site "?"]
[Date "1995.??.??"]
[Round "?"]
[White "Young, L."]
[Black "Abdul, A."]
[Result "0-1"]
[WhiteElo "1605"]
[BlackElo "1605"]
[PlyCount "108"]
[EventDate "1995.??.??"]

{1/(1)} 1. e4 e5 2. Bc4 Bc5 3. Nf3 Nc6 4. c3 d6 5. d4 exd4 6. cxd4 Bb4+ 7. Nc3
Bg4 8. h3 Bh5 9. O-O Nf6 10. d5 Ne5 11. Qa4+ Nfd7 12. Qxb4 Bxf3 13. Be2 Bxe2
14. Nxe2 Nc5 15. Nf4 O-O 16. Qc3 Nxe4 17. Qe3 Nf6 18. b3 Re8 19. Qg3 Ne4 20.
Qe3 Ng5 21. Qg3 Qf6 22. Nh5 Nef3+ 23. gxf3 Qxa1 24. Qxg5 Re2 25. Qg2 Qe5 26.
Ng3 Re1 27. Be3 Rxf1+ 28. Nxf1 Qxd5 29. Bh6 g6 30. Ne3 Qh5 31. Ng4 Kh8 32. Be3
Kg7 33. Bd4+ Kf8 34. Nf6 Qf5 35. Nxh7+ Ke7 36. h4 Re8 37. Be3 Kd8 38. f4 Kc8
39. Ng5 d5 40. Nf3 Qb1+ 41. Kh2 Qxa2 42. Qg4+ Kb8 43. Kg3 Qxb3 44. Qd7 Rf8 45.
Qe7 Rc8 46. Qxf7 a5 47. Qxg6 d4 48. Nxd4 Qc4 49. Ne6 Rh8 50. Qg7 Rc8 51. Nxc7
Qxc7 52. Qf6 Rg8+ 53. Kf3 Qc6+ 54. Ke2 Qxf6 $138 0-1

[Event "Troy (US Am N/6/39)"]
[Site "?"]
[Date "1995.??.??"]
[Round "?"]
[White "Young, A."]
[Black "Smalec, Joseph"]
[Result "0-1"]
[WhiteElo "1605"]
[BlackElo "1605"]
[PlyCount "46"]
[EventDate "1995.??.??"]

{6/(39)} 1. e3 e5 2. Nf3 e4 3. Nd4 c5 4. Nf5 d5 5. Qh5 g6 6. Qe2 Bxf5 7. g4 Be6
8. Bg2 Nf6 9. h3 Bg7 10. Qb5+ Bd7 11. Qxb7 Bc6 12. Qb3 O-O 13. Qa3 c4 14. d3
exd3 15. cxd3 Bb5 16. g5 Nfd7 17. Bxd5 Bc6 18. Bxc4 Bxh1 19. Bd2 Ne5 20. Kd1
Nxc4 21. dxc4 Bf3+ 22. Kc1 Nc6 23. Bb4 Qd1# 0-1

[Event "Troy (US Am N/4/35)"]
[Site "?"]
[Date "1995.??.??"]
[Round "?"]
[White "Young, A."]
[Black "Nixon, Peter"]
[Result "0-1"]
[WhiteElo "1605"]
[BlackElo "1605"]
[PlyCount "138"]
[EventDate "1995.??.??"]

{4/(35)} 1. e4 c5 2. d4 cxd4 3. Qxd4 Nc6 4. Qd1 Nf6 5. Nc3 e6 6. Bc4 Bb4 7.
Nge2 Nxe4 8. O-O O-O 9. Bd3 Nf6 10. Bf4 a6 11. a3 Be7 12. Bg5 b6 13. Ng3 g6 14.
h4 h5 15. Be2 Nh7 16. f4 Bxg5 17. hxg5 Bb7 18. Bf3 f5 19. Nxh5 Nxg5 20. Ng3
Nxf3+ 21. Rxf3 Kf7 22. Rd3 Ke8 23. Qf1 Rh8 24. Rad1 Rh7 25. Re3 Qh4 26. Qf3 Na5
27. Nd5 Kf8 28. Kf2 Qd8 29. Red3 Rc8 30. c3 Bxd5 31. Rxd5 exd5 32. Qxd5 Qc7 33.
Qd4 Qc5 34. b4 Qxd4+ 35. Rxd4 Nc4 36. a4 Re7 37. Nf1 Rce8 38. Rxc4 Re4 39. Rxe4
fxe4 40. Ke3 Kf7 41. Ng3 d5 42. Ne2 Kf6 43. g4 g5 44. f5 Ke5 45. Nd4 Rh8 46.
Nc6+ Kd6 47. b5 axb5 48. axb5 Rh4 49. f6 Ke6 50. Ne7 Kxf6 51. Nxd5+ Ke5 52.
Nxb6 Rxg4 53. Nd7+ Kd6 54. Nf6 Rg3+ 55. Kxe4 Rxc3 56. b6 Ke6 57. Nd5 Rc4+ 58.
Kf3 Kxd5 59. b7 Rb4 60. b8=Q Rxb8 61. Kg4 Rf8 62. Kxg5 Ke5 63. Kg6 Rf5 64. Kg7
Rf6 65. Kh7 Ke6 66. Kg7 Ke7 67. Kg8 Rg6+ 68. Kh7 Kf7 69. Kh8 Rh6# 0-1

[Event "Troy (US Am N/2/22)"]
[Site "?"]
[Date "1995.??.??"]
[Round "?"]
[White "Young, A."]
[Black "Hater, David"]
[Result "0-1"]
[WhiteElo "1605"]
[BlackElo "1900"]
[PlyCount "96"]
[EventDate "1995.??.??"]

{2/(22)} 1. d4 Nf6 2. Nc3 d5 3. e3 Bf5 4. Bd3 Qd7 5. h3 Nc6 6. Nf3 Bxd3 7. cxd3
Qf5 8. a3 e6 9. O-O Bd6 10. Nh4 Qg5 11. g3 Nh5 12. e4 Bf4 13. Qg4 Bxc1 14.
Raxc1 Qxg4 15. hxg4 Nf6 16. exd5 Nxd5 17. Nxd5 exd5 18. Rfe1+ Kd7 19. Nf5 g6
20. Ne3 Nxd4 21. Nxd5 Nf3+ 22. Kg2 Nxe1+ 23. Rxe1 Kd6 24. Nf6 Rad8 25. Ne4+ Kc6
26. Rd1 Rd4 27. b3 Rhd8 28. Ng5 Rxd3 29. Rxd3 Rxd3 30. Nxf7 Rxb3 31. g5 Rxa3
32. f4 Ra5 33. Kf3 Kd7 34. Kg4 Ke6 35. Nd8+ Kd7 36. Nf7 Rf5 37. Nh6 Rf8 38. f5
gxf5+ 39. Nxf5 Rxf5 40. Kxf5 a5 41. Kf6 a4 42. Kg7 a3 43. Kxh7 a2 44. g6 a1=Q
45. g7 Qb1+ 46. Kh8 Qb2 47. g4 Ke7 48. g5 Kf7 0-1

[Event "Detroit (CMS Jun/2/4/1)"]
[Site "?"]
[Date "1995.??.??"]
[Round "?"]
[White "Yancey, Seleana"]
[Black "Strimpel, D."]
[Result "1-0"]
[WhiteElo "1605"]
[BlackElo "1605"]
[PlyCount "105"]
[EventDate "1995.??.??"]

{2/4} 1. d4 d5 2. c4 c6 3. Nc3 Nf6 4. Bf4 Bf5 5. e3 Nbd7 6. Nf3 e6 7. Be2 dxc4
8. Bxc4 Nb6 9. Bb3 Bb4 10. O-O Bxc3 11. bxc3 Qe7 12. a3 O-O-O 13. Ne5 Ne4 14.
Nc4 Nxc4 15. Bxc4 g5 16. Bg3 Nxg3 17. fxg3 e5 18. Qa4 b6 19. Qa6+ Qb7 20. Qxb7+
Kxb7 21. Bxf7 exd4 22. Rxf5 Rhf8 23. exd4 Rd7 24. Be6 Rxf5 25. Bxf5 Rf7 26. g4
h5 27. h3 hxg4 28. hxg4 Kc7 29. Re1 Kd6 30. Re6+ Kd5 31. Re5+ Kc4 32. Be6+ Kxc3
33. Bxf7 Kxd4 34. Rxg5 c5 35. Rd5+ Kc4 36. Rd7+ Kc3 37. Rxa7 c4 38. Rb7 Kd4 39.
Rxb6 c3 40. Bb3 Kd3 41. Rd6+ Ke4 42. g5 c2 43. Rc6 c1=R+ 44. Rxc1 Kf5 45. a4
Kxg5 46. a5 Kf4 47. a6 Ke3 48. a7 Kd2 49. Rc2+ Kd3 50. a8=Q Kd4 51. Qd5+ Ke3
52. Rc3+ Ke2 53. Qd1# 1-0

[Event "Detroit (CMS Jun/1/4/3)"]
[Site "?"]
[Date "1995.??.??"]
[Round "?"]
[White "Yancey, Seleana"]
[Black "Jaynes, K."]
[Result "1-0"]
[WhiteElo "1605"]
[BlackElo "1605"]
[PlyCount "111"]
[EventDate "1995.??.??"]

{1/4} 1. d4 Nf6 2. c4 c5 3. dxc5 e6 4. Bf4 Bxc5 5. e3 Nc6 6. Nf3 O-O 7. Bd3 d5
8. b3 d4 9. e4 e5 10. Bxe5 Nxe5 11. Nxe5 Bb4+ 12. Nd2 Re8 13. Nef3 Bg4 14. O-O
Bxf3 15. Nxf3 Ng4 16. h3 Ne5 17. Nxe5 Rxe5 18. a3 Bc3 19. Rc1 Bb2 20. Rc2 Bxa3
21. f4 Re7 22. Rcf2 Qb6 23. Rf3 Rae8 24. Rg3 f6 25. Qc2 Bd6 26. Rg4 Qb4 27. Rh4
Qc3 28. Qe2 g6 29. Rf3 Qxb3 30. Rg3 Rg7 31. c5 Kf8 32. cxd6 a5 33. Qf2 a4 34.
Qxd4 a3 35. Qc5 Kg8 36. Bc4+ Kh8 37. Bxb3 Ra8 38. Rgg4 a2 39. Bxa2 Rxa2 40.
Qc8+ Rg8 41. Qxb7 Ra1+ 42. Kh2 Rg7 43. Qd5 Raa7 44. Rh6 Rad7 45. Rgh4 Rd8 46.
e5 fxe5 47. Qxe5 Kg8 48. f5 gxf5 49. Qxf5 Rdd7 50. Rf4 Rd8 51. Rf6 Rxg2+ 52.
Kxg2 Ra8 53. Rf8+ Kg7 54. Rxa8 h5 55. Ra7+ Kg8 56. Qc8# 1-0

[Event "Troy (US Am N/1/34)"]
[Site "?"]
[Date "1995.??.??"]
[Round "?"]
[White "Yahkind, Andrew"]
[Black "Key_Smith, G."]
[Result "0-1"]
[WhiteElo "1605"]
[BlackElo "1745"]
[PlyCount "64"]
[EventDate "1995.??.??"]

{1/(34)} 1. e4 e6 2. d4 d5 3. e5 c5 4. Nf3 Nd7 5. Bf4 Ne7 6. Bg5 Qb6 7. c3 Qxb2
8. Qa4 Qxa1 9. Bd3 Nc6 10. Qc2 cxd4 11. O-O Ndxe5 12. Nxe5 Nxe5 13. Bb5+ Bd7
14. Bxd7+ Nxd7 15. Bd2 Rc8 16. Na3 Rxc3 17. Rxa1 Rxc2 18. Nxc2 Bc5 19. a3 O-O
20. Rd1 Ne5 21. Nxd4 Bxd4 22. Bb4 Bxf2+ 23. Kxf2 Rc8 24. Ke3 Rc2 25. a4 Rxg2
26. Rc1 Nc4+ 27. Kd4 h6 28. Rb1 Rb2 29. Rxb2 Nxb2 30. a5 Nc4 31. Kc5 f5 32. Kb5
a6+ 0-1

[Event "Troy (US Am N/4/42)"]
[Site "?"]
[Date "1995.??.??"]
[Round "?"]
[White "Yahkind, Andrew"]
[Black "Dory, T."]
[Result "0-1"]
[WhiteElo "1605"]
[BlackElo "1605"]
[PlyCount "98"]
[EventDate "1995.??.??"]

{4/(42)} 1. e4 e5 2. Nf3 Nc6 3. Bb5 a6 4. Bxc6 dxc6 5. Nc3 Bd6 6. O-O Bg4 7.
Qe2 Nf6 8. Rd1 Qe7 9. h3 Bxf3 10. Qxf3 O-O-O 11. d3 h6 12. Be3 g5 13. d4 Rdg8
14. dxe5 Bxe5 15. Qf5+ Kb8 16. Bd4 Bxd4 17. Rxd4 Rd8 18. Rad1 Rxd4 19. Rxd4 Re8
20. f3 Qe6 21. g4 Qxf5 22. gxf5 Kc8 23. Kf2 Nh5 24. Ne2 f6 25. Ke3 Ng7 26. f4
Nxf5+ 27. Kf3 Nxd4+ 28. Nxd4 Rd8 29. c3 c5 30. Nb3 Rd3+ 31. Kg2 c4 32. Nc5 Rd2+
33. Kf3 Rxb2 34. fxg5 hxg5 35. Ne6 Rxa2 36. e5 fxe5 37. Nxg5 a5 38. Ke4 Re2+
39. Kf5 a4 40. h4 a3 41. h5 a2 42. h6 a1=Q 43. h7 Rh2 44. Kg6 Qb1+ 45. Kg7 Qf5
46. h8=Q+ Rxh8 47. Kxh8 Qxg5 48. Kh7 e4 49. Kh8 e3 0-1

[Event "Troy (US Am N/6/38)"]
[Site "?"]
[Date "1995.??.??"]
[Round "?"]
[White "Yahkind, Andrew"]
[Black "Cunningham, G."]
[Result "1-0"]
[WhiteElo "1605"]
[BlackElo "1605"]
[PlyCount "127"]
[EventDate "1995.??.??"]

{6/(38)} 1. e4 e5 2. Nf3 Nc6 3. Bb5 Nd4 4. Nxd4 exd4 5. O-O a6 6. Be2 Bd6 7. c3
dxc3 8. Nxc3 Nf6 9. d4 Bb4 10. Be3 d5 11. exd5 Nxd5 12. Nxd5 Qxd5 13. Bd3 O-O
14. a3 Bd6 15. Re1 b6 16. b4 Bb7 17. f3 Rac8 18. Rc1 Kh8 19. Be4 Bxh2+ 20. Kxh2
Qh5+ 21. Kg1 Bxe4 22. fxe4 Qxd1 23. Rcxd1 Rfe8 24. Bf2 h6 25. d5 Rcd8 26. Bg3
Rd7 27. e5 Kg8 28. a4 b5 29. a5 g5 30. Kf2 Kg7 31. Kf1 Kg6 32. d6 Re6 33. dxc7
Rxc7 34. Rc1 Rxc1 35. Rxc1 f5 36. Rc5 f4 37. Bh2 Kf5 38. Kf2 Rxe5 39. Rxe5+
Kxe5 40. Kf3 Kd5 41. Bg1 Ke5 42. Kg4 Ke4 43. Bc5 Ke5 44. Bf8 Ke4 45. Bxh6 Ke3
46. Bxg5 Kf2 47. Kxf4 Kxg2 48. Ke5 Kf2 49. Kd5 Ke2 50. Kc6 Kd3 51. Be7 Kc4 52.
Kb6 Kd5 53. Kxa6 Kc6 54. Bc5 Kc7 55. Kxb5 Kb7 56. a6+ Kb8 57. Ka5 Ka8 58. Bf8
Ka7 59. b5 Kb8 60. b6 Ka8 61. b7+ Ka7 62. Bc5+ Kb8 63. Kb5 Kc7 64. Ba7 1-0

[Event "Troy (US Am N/1/5)"]
[Site "?"]
[Date "1995.??.??"]
[Round "?"]
[White "Yahkind, Alex"]
[Black "Wright, Ken"]
[Result "1-0"]
[WhiteElo "2080"]
[BlackElo "1605"]
[PlyCount "131"]
[EventDate "1995.??.??"]

{1/(5)} 1. e4 b6 2. d4 Bb7 3. d5 e6 4. c4 Bc5 5. Nf3 h6 6. Be2 Ne7 7. O-O Ng6
8. Nc3 Qf6 9. Nb5 Qd8 10. a3 a6 11. Nbd4 Qf6 12. b4 Bxd4 13. Qxd4 Qxd4 14. Nxd4
O-O 15. Be3 Re8 16. Rac1 d6 17. dxe6 fxe6 18. Bh5 Kh7 19. f3 Nd7 20. Bg4 Ngf8
21. Bd2 c5 22. bxc5 bxc5 23. Nb3 Ne5 24. Bh3 Nfg6 25. Na5 Bc8 26. f4 Nf7 27.
Rb1 Bd7 28. Rb7 Nf8 29. Bc3 Rab8 30. Rfb1 Ra8 31. Rc7 Nd8 32. Rb6 Nf7 33. Nb7
Rac8 34. Rxc8 Rxc8 35. Nxd6 Nxd6 36. Rxd6 Rc6 37. Rxc6 Bxc6 38. e5 Be4 39. g3
Kg6 40. Kf2 Kf7 41. Bg2 Bc2 42. Ke3 Nd7 43. Ba5 Bb3 44. Kd3 Ba4 45. Bb7 Nb8 46.
Bc7 Bc6 47. Bxc6 Nxc6 48. Bd6 g6 49. Bxc5 Ke8 50. Be3 h5 51. h3 Kf7 52. Ke4 Ne7
53. g4 hxg4 54. hxg4 Ke8 55. Kd4 Kd7 56. Kc5 Kc7 57. Bd2 Nc8 58. Ba5+ Kd7 59.
a4 Na7 60. Kb6 Nc8+ 61. Kb7 Ne7 62. Kxa6 Kc6 63. Bb4 Nc8 64. a5 Kc7 65. Bd6+
Kc6 66. g5 1-0

[Event "Troy (US Am N/5/6)"]
[Site "?"]
[Date "1995.??.??"]
[Round "?"]
[White "Yahkind, Alex"]
[Black "Turner, Keita"]
[Result "1-0"]
[WhiteElo "2080"]
[BlackElo "1900"]
[PlyCount "105"]
[EventDate "1995.??.??"]

{5/(6)} 1. e4 c5 2. Nf3 Nc6 3. d4 cxd4 4. Nxd4 g6 5. Nc3 Bg7 6. Be3 Nf6 7. Nxc6
bxc6 8. e5 Ng8 9. f4 f6 10. Bd4 fxe5 11. fxe5 Qa5 12. e6 Nf6 13. exd7+ Bxd7 14.
Bc4 Qb4 15. Bb3 c5 16. Bxf6 Bxf6 17. O-O c4 18. Qd5 Rc8 19. Rad1 Qb6+ 20. Kh1
Be6 21. Ba4+ Kf7 22. Qf3 Qxb2 23. Ne4 Qe5 24. Nxf6 exf6 25. Rde1 Qb2 26. Rb1
Qe5 27. Rb7+ Kg8 28. Qxf6 Qxf6 29. Rxf6 Rf8 30. Rxf8+ Kxf8 31. Rxa7 Bf7 32. Bb5
Rg8 33. a4 Rg7 34. Kg1 Bd5 35. Rxg7 Kxg7 36. Kf2 Kf6 37. Ke3 Ke5 38. g3 g5 39.
c3 h5 40. Bd7 Bb7 41. Be8 h4 42. gxh4 gxh4 43. Bf7 Ba6 44. Bg8 Kf5 45. a5 Bb5
46. Kd4 Kg4 47. Bxc4 Bd7 48. a6 Bc8 49. a7 Bb7 50. Bd5 Bxd5 51. Kxd5 Kh3 52.
a8=Q Kxh2 53. Qh8 1-0

[Event "Troy (US Am N/3/4)"]
[Site "?"]
[Date "1995.??.??"]
[Round "?"]
[White "Yahkind, Alex"]
[Black "Lees, R."]
[Result "0-1"]
[WhiteElo "2080"]
[BlackElo "1900"]
[PlyCount "66"]
[EventDate "1995.??.??"]

{3/(4)} 1. e4 g6 2. d4 d6 3. f4 Bg7 4. Nf3 c5 5. c3 Nf6 6. e5 dxe5 7. fxe5 Nd5
8. Bb5+ Nc6 9. O-O O-O 10. Bxc6 bxc6 11. Qe2 cxd4 12. Nxd4 Qb6 13. Rd1 Rb8 14.
c4 Nc7 15. b3 Ne6 16. Be3 Rd8 17. Nf5 Rxd1+ 18. Qxd1 Qc7 19. Nh6+ Bxh6 20. Bxh6
Qxe5 21. Nd2 g5 22. h4 Qd4+ 23. Kf1 Qf6+ 24. Nf3 Qxh6 25. hxg5 Qg7 26. Rc1 Rb7
27. Qd2 Rd7 28. Qe3 c5 29. Ne5 Rd4 30. Nc6 Rf4+ 31. Kg1 Qxg5 32. Qe2 Bb7 33.
Ne5 Re4 0-1

[Event "Troy (TCC Res/4/12)"]
[Site "?"]
[Date "1995.??.??"]
[Round "?"]
[White "Wrobel, D."]
[Black "Venia, Mike"]
[Result "1-0"]
[WhiteElo "1605"]
[BlackElo "1605"]
[PlyCount "33"]
[EventDate "1995.??.??"]

{4/(12)} 1. c4 Nf6 2. d4 e6 3. Nf3 d5 4. Qc2 Be7 5. g3 O-O 6. Bg5 Nbd7 7. Bg2
h6 8. Bd2 c5 9. h4 cxd4 10. Nxd4 Nc5 11. Nf3 Nce4 12. Nh2 Bc5 13. Bxe4 Nxe4 14.
Rf1 e5 15. cxd5 Bh3 16. Qxe4 Bxf1 17. Nxf1 1-0

[Event "Troy (TCC Res/3/17)"]
[Site "?"]
[Date "1995.??.??"]
[Round "?"]
[White "Wrobel, D."]
[Black "Smeckert, Dennis"]
[Result "1-0"]
[WhiteElo "1605"]
[BlackElo "1605"]
[PlyCount "61"]
[EventDate "1995.??.??"]

{3/(17)} 1. Nc3 Nf6 2. e4 e5 3. Nf3 d6 4. d4 exd4 5. Nxd4 Be7 6. f4 O-O 7. Nf3
Re8 8. Bd3 Na6 9. a3 Nc5 10. Be3 Nxd3+ 11. cxd3 Ng4 12. Qd2 Be6 13. O-O c5 14.
Rad1 Bb3 15. Rde1 Bf6 16. Kh1 Rc8 17. Nd5 Bxd5 18. exd5 Nxe3 19. Rxe3 Rxe3 20.
Qxe3 Qe8 21. Qd2 Qb5 22. b4 cxb4 23. axb4 Qxd5 24. Qe3 a6 25. d4 h6 26. Re1 Rc4
27. Qd3 Kf8 28. Qh7 Be5 29. fxe5 Ke7 30. Qxg7 dxe5 31. Rxe5+ 1-0